[Event "Tan Chin Nam Cup 5th"]
[Site "Shenyang"]
[Date "1999.07.09"]
[Round "2"]
[White "Wu, Shaobin"]
[Black "Sutovsky, Emil"]
[Result "0-1"]
[WhiteElo "2496"]
[BlackElo "2587"]
[Annotator "Ftacnik,L"]
[PlyCount "78"]
[EventDate "1999.07.08"]
[EventType "tourn"]
[EventRounds "9"]
[EventCountry "CHN"]
[EventCategory "13"]
[SourceTitle "CBM 073"]
[Source "ChessBase"]
[SourceDate "1999.12.01"]
[SourceVersion "1"]
[SourceVersionDate "1999.12.01"]
[SourceQuality "1"]

1. d4 Nf6 2. c4 g6 3. g3 Bg7 4. Bg2 d5 5. cxd5 Nxd5 6. e4 Nb6 7. Ne2 c5 8. d5
e6 9. O-O exd5 10. exd5 O-O 11. Nbc3 Bf5 12. h3 (12. Be3 Na6 13. b3 Qd7 14. Rc1
Bh3 15. Bxh3 Qxh3 16. Ne4 Rfd8 17. d6 Bf8 18. Bg5 f6 19. Nxf6+ Kf7 20. Ne4 Rd7
21. Nf4 Qf5 22. Re1 h6 23. g4 Qe5 24. Qf3 {1-0 Solozhenkin,E-Nikolic,D/
Vrnjacka Banja/1996/ (24)}) 12... Na6 {Black neglects to safeguard the square
f5 for his bishop and pays the price in limited space for his own pieces.} (
12... h5 13. Bf4 (13. Ne4 Na6 14. N2c3 Qd7 15. Kh2 Rad8 16. Bg5 f6 17. Be3 Bxe4
18. Nxe4 Nxd5 19. Bxc5 Nxc5 20. Nxc5 Qf7 21. Qb3 b6 22. Rad1 Nc7 23. Qxf7+ Kxf7
24. Nb7 {1-0 Karpov,A-Ljubojevic,L/Monaco/1995/ (74)}) 13... Na6 14. a3 Qd7 15.
Kh2 Rfe8 16. Re1 Nc4 17. Qb3 Na5 18. Qd1 c4 19. d6 Nb3 20. Qd5 Nxa1 21. Rxa1
Rac8 22. Qxb7 Nc5 {1/2-1/2 Bolbochan,J-Rossetto,H/Mar del Plata/1950/ (39)})
13. g4 Bd7 14. Ng3 (14. Qb3 Re8 15. Be3 (15. Rd1 $2 Rxe2 16. Nxe2 Ba4 17. Qd3
Nb4 18. Qd2 Bxd1 19. Qxd1 N4xd5 $17) 15... f5 $13) 14... Nc4 15. Rb1 Qb6 (15...
Re8 16. Nce4 Qa5 17. Qb3 b5 18. Rd1 $14) 16. b3 $1 Bxc3 (16... Nd6 17. Qf3 f5
18. g5 Rae8 $11) 17. Qc2 Na3 (17... Nd2 18. Bxd2 Bxd2 19. Qxd2 f5 20. gxf5 Bxf5
21. Rbd1 $14) (17... Nd6 18. Qxc3 $14) 18. Bxa3 Bd4 (18... Qa5 19. Bb2 (19.
Rfd1 Bg7 20. Qc1 Nb4 21. Bxb4 cxb4 22. d6 $14) 19... Bxb2 20. Qxb2 $14) 19. Bb2
{After exchange of the darksquared bishop black becomes vulnerable to the
threats along a1-h8 diagonal.} Bb5 (19... Bxb2 20. Qxb2 f5 21. gxf5 Bxf5 22.
Rbd1 $14) 20. Rfd1 Nb4 21. Qd2 Bxb2 (21... Bd3 $2 22. Rbc1 Nxa2 (22... Bxb2 23.
Qxb2 $18) 23. Ra1 Nb4 24. Bxd4 cxd4 25. Ra4 a5 26. Rxb4 axb4 27. Qxd3 $18) 22.
Qxb2 Nd3 23. Qc3 Nf4 24. a4 Bd7 (24... Ne2+ 25. Nxe2 Bxe2 26. Rd2 Rfe8 27. Rc1
Rac8 28. b4 c4 29. d6 $16) 25. b4 cxb4 26. Rxb4 Qd6 $2 (26... Qa5 $5 27. Qb3
Nxg2 28. Kxg2 b6 29. Ne4 $14) 27. Qd4 Nxg2 28. Ne4 $1 {Wu Shaobin triumphs as
black suffers in the face of the terrible threat Nf6+.} Nf4 (28... Qf4 29. Rxb7
Bxg4 (29... Bc8 30. Kxg2 f6 31. Re7 $18) 30. hxg4 Qf3 31. g5 $18) 29. Kh1 $2 (
29. Nxd6 $1 Ne2+ 30. Kg2 Nxd4 31. Rxb7 Bxa4 32. Rxd4 Bc2 (32... Rad8 33. Ne4
Bc2 34. Nc5 $18) 33. Nb5 a5 34. Na3 Rfc8 35. Rb2 $18) (29. Kf1 $2 Qa6+) 29...
Qxd5 $1 30. Qa1 (30. Qxd5 Nxd5 31. Rxd5 Bc6 32. Rd6 f5 $19) 30... Nd3 (30...
Qc6 31. Rxd7 (31. Rd6 $2 f5 $1 $19) 31... Rfd8 32. Rc4 Qxc4 33. Nf6+ Kf8 34.
Nxh7+ $11) 31. Kg1 (31. Rxd3 Qxd3 32. Nf6+ Kh8 33. Nxd7+ f6 34. Nxf8 Qxh3+ 35.
Kg1 Rxf8 36. Qd4 b6 $19) 31... f5 32. Rd4 (32. Nf6+ Rxf6 33. Qxf6 Bc6 34. f3
Re8 $19) 32... Qe5 (32... Qxe4 33. Rxe4 fxe4 34. Qd4 Bc6 $19) 33. R4xd3 (33.
Rxd7 $2 Qxa1 34. Rxa1 fxe4 $19) 33... Qxa1 34. Rxa1 Bc6 (34... Bxa4 35. Rxa4
fxe4 36. Rxe4 Rf7 $17) 35. Nc5 fxg4 36. hxg4 Rf4 37. Rg3 (37. g5 Re8 $19) 37...
Rd8 38. Ne6 Rxa4 39. Re1 (39. Rxa4 Rd1+ 40. Kh2 Rh1#) 39... Re4 (39... Re4 40.
Rxe4 Rd1+ 41. Kh2 Bxe4 42. Re3 Bd5 $19) 0-1

[Event "Moscow Aeroflot op"]
[Site "Moscow"]
[Date "2002.02.07"]
[Round "4"]
[White "Khurtsidze, Nino"]
[Black "Vokarev, Sergey"]
[Result "0-1"]
[WhiteElo "2434"]
[BlackElo "2507"]
[Annotator "Ftacnik,L"]
[PlyCount "52"]
[EventDate "2002.02.04"]
[EventType "swiss"]
[EventRounds "9"]
[EventCountry "RUS"]
[SourceTitle "CBM 088"]
[Source "ChessBase"]
[SourceDate "2002.03.21"]
[SourceVersion "1"]
[SourceVersionDate "2002.03.21"]
[SourceQuality "1"]

1. d4 Nf6 2. c4 g6 3. g3 Bg7 4. Bg2 d5 5. cxd5 Nxd5 6. e4 Nb6 7. Ne2 c5 8. d5
e6 9. O-O exd5 10. exd5 O-O 11. Nbc3 Na6 12. h3 Nc4 13. b3 Nd6 14. Bb2 (14. Bf4
b6 (14... h6 15. Rc1 b6 16. Qd2 Kh7 17. Rfe1 Bb7 18. g4 Qd7 19. Ng3 Rfe8 20.
Nce4 Nxe4 21. Nxe4 Rad8 {1/2-1/2 Raupp,T-Schneider,B/Germany 1990/ (37)}) (
14... g5 15. Bd2 Bf5 16. Rc1 Nb4 17. g4 Bg6 18. f4 gxf4 19. Nxf4 Bd4+ 20. Kh1 {
1-0 Tilmatine,A-Sbaihi,F/Algiers 2000/ (33)}) 15. Qd2 Re8 16. Rad1 Bb7 17. g4 (
17. h4 Qd7 18. Kh2 Nf5 19. Bh3 Nb4 20. Rfe1 Rad8 21. Bg5 f6 {0-1 Tregubov,
P-Sutovsky,E/Amsterdam 2001/ (55)}) 17... Nc7 18. a4 Ba6 19. Rfe1 Bxe2 20. Nxe2
Be5 21. Bg5 Bf6 22. Be3 Qd7 {0-1 Lputian,S-Van Wely,L/Moscow 2001/ (48)}) 14...
b6 (14... h5 15. Qd2 Bf5 16. Rfe1 Nb4 17. Rad1 Nd3 18. Rf1 Nxb2 19. Qxb2 Re8
20. Qd2 Qf6 21. Rfe1 Re7 22. f3 Rae8 {0-1 Hansen,V-Nielsen,A/Aalborg 1955/ (32)
}) 15. Qd2 Nc7 16. Rad1 (16. Rfe1 Re8 17. Nf4 Rxe1+ 18. Rxe1 Bb7 $11) 16... Ba6
17. Rfe1 Bxe2 $6 {Giving up the bishop in an early stage of the fight, white
is now enjoyng a slight pull.} (17... Re8 18. Nf4 Rxe1+ 19. Qxe1 Qd7 $11) 18.
Nxe2 (18. Rxe2 Qd7 19. Ne4 Nxe4 20. Rxe4 $14) 18... Re8 19. Bxg7 Kxg7 20. b4 (
20. Qc3+ Kg8 21. Qf3 Qe7 22. Qf4 $14) 20... cxb4 (20... Qf6 $2 21. bxc5 bxc5
22. Qa5 $16) 21. Qxb4 Qf6 22. Nd4 (22. Qd4 Qxd4 23. Nxd4 $14) 22... Na6 $1 {
Vokarev has to play inventively to avoid suffering against the dangerous d
pawn.} (22... Rxe1+ 23. Rxe1 Re8 24. Ne6+ Nxe6 25. Qxd6 Rd8 26. Qc6 Nc5 27.
Qxf6+ Kxf6 28. Rd1 $14) 23. Qa3 Nc5 (23... Rxe1+ 24. Rxe1 Qxd4 25. Qxd6 Rc8 $11
) 24. Rxe8 (24. Nc6 a6 25. Qf3 $14) 24... Rxe8 25. Qxa7 Nde4 26. Nf3 $2 {
[%mdl 8192] It was not easy to see the grave danger for the queen on a7, but
this move is a blunder.} (26. Qa3 $1 Qxf2+ 27. Kh2 Ra8 28. Qxa8 Qxg3+ 29. Kg1
Qe3+ 30. Kh2 Qf4+ $11) (26. Bxe4 Nxe4 27. f4 Nxg3 $17) 26... Nc3 (26... Nc3 27.
Re1 Nb5 28. Rxe8 Nxa7 $19) 0-1

[Event "EU-Cup 19th"]
[Site "Rethymno"]
[Date "2003.10.02"]
[Round "5.2"]
[White "Brynell, Stellan"]
[Black "Berndt, Stephan"]
[Result "1-0"]
[WhiteElo "2511"]
[BlackElo "2462"]
[Annotator "Ftacnik,L"]
[PlyCount "65"]
[EventDate "2003.09.28"]
[EventType "team-swiss"]
[EventRounds "7"]
[EventCountry "GRE"]
[SourceTitle "CBM 098"]
[Source "ChessBase"]
[SourceDate "2004.02.03"]
[SourceVersion "1"]
[SourceVersionDate "2004.02.03"]
[SourceQuality "1"]
[WhiteTeam "Malmo Linhams"]
[BlackTeam "Berlin SF"]
[WhiteTeamCountry "SWE"]
[BlackTeamCountry "GER"]

1. d4 Nf6 2. c4 g6 3. g3 Bg7 4. Bg2 d5 5. cxd5 Nxd5 6. e4 Nb6 7. Ne2 O-O 8. O-O
e5 9. d5 c6 10. Nbc3 cxd5 11. exd5 Na6 12. b3 Bf5 (12... Bg4 $5) 13. a4 Qd7 (
13... Nb4 14. a5 Nd7 15. Ra4 Nd3 16. g4 Nxc1 17. Nxc1 Rc8 18. N1e2 e4 19. gxf5
Bxc3 20. Nxc3 Rxc3 21. fxg6 hxg6 22. Rxe4 Nc5 23. Rb4 Qxa5 {1/2-1/2
Edzgveradze,N-Daniliuk,S/Moscow 1995/ (48)}) 14. Ba3 Rfd8 15. Rc1 (15. Qd2 Bh3
16. Bxh3 Qxh3 17. Rfd1 Nc7 18. d6 Ne6 19. a5 Nd7 20. Nd5 e4 21. Bb2 Ne5 22.
Bxe5 Bxe5 23. Ra4 Bxd6 24. Rxe4 Bf8 {1/2-1/2 Shabalov,A-Krasenkow,M/Bad
Wiessee 2001/ (30)}) 15... Bh3 {Black has to work for equality in this line,
but his chances are fair.} (15... Nc7 $5 16. d6 Ne8 17. Nb5 (17. Nd5 Nxd5 18.
Qxd5 Be6 19. Qxb7 Qxb7 20. Bxb7 Rab8 $15) 17... e4 18. f3 e3 19. Ned4 Bh3 20.
Re1 Bxg2 21. Kxg2 a6 22. Nc7 Rac8 $11) (15... Rac8 16. d6 Bh3 17. a5 Bxg2 18.
Kxg2 Na8 19. Qd5 Nb8 20. Ne4 $36) 16. Bxh3 Qxh3 17. a5 Nd7 (17... Nc8 18. Qd3
Nc7 19. Rfd1 $14) 18. Ne4 h6 (18... Nf6 19. Nxf6+ Bxf6 20. Nc3 (20. Qd3 Rac8
$11) 20... Bg7 21. Qd3 Rd7 22. Rfd1 Rad8 23. Nb5 $14) 19. Rc4 Nf6 20. Nxf6+
Bxf6 21. Nc3 Bg7 (21... Rac8 22. Qf3 Bg7 23. Nb5 $14) 22. d6 Qe6 (22... Rac8
23. Nd5 Rxc4 24. bxc4 Kh7 25. Qe2 $14) 23. Qd5 Qxd5 $2 {[%mdl 8192] This
horrible move helps white knight into play and enhances the strength of d6
pawn.} (23... Qd7 24. Qb5 Nb8 25. Rd1 $14) 24. Nxd5 Bf8 (24... f5 25. Nc7 Rac8
26. Ne6 Rxc4 27. bxc4 Rd7 28. Nxg7 Kxg7 29. Bb2 Kf7 30. Bxe5 $16) 25. Ne7+ Kh7
(25... Bxe7 26. dxe7 Re8 27. Re1 f6 28. f4 $1 $18) 26. Rfc1 (26. f4 f5 (26...
f6 27. fxe5 fxe5 28. Rf7+ Bg7 29. Bb2 Rf8 30. Rcf4 $1) 27. fxe5 Bxe7 28. dxe7
Rd3 29. Rfc1 $18) 26... b6 (26... Bg7 27. g4 $16) 27. Nc6 $1 {Brynell shows
that his pieces occupy much better squares.} b5 (27... Rxd6 28. Bxd6 Bxd6 29.
Rd1 b5 30. Rc3 Bc7 31. Rd7 Kg7 32. Rf3 Rf8 33. b4 $18) 28. Nxd8 bxc4 29. Nxf7
cxb3 30. Rb1 (30. Bb2 Kg8 31. d7 Nc5 32. d8=Q $18) 30... Kg8 31. Nxe5 Rd8 32.
Nc6 Rd7 33. Rxb3 (33. Rxb3 Bxd6 34. Rd3 $18) 1-0

[Event "Olympiad-34"]
[Site "Istanbul"]
[Date "2000.11.12"]
[Round "14.4"]
[White "Solak, Dragan"]
[Black "Sutovsky, Emil"]
[Result "0-1"]
[WhiteElo "2490"]
[BlackElo "2609"]
[Annotator "Ftacnik,L"]
[PlyCount "70"]
[EventDate "2000.10.28"]
[EventType "team-swiss"]
[EventRounds "14"]
[EventCountry "TUR"]
[SourceTitle "EXT 2001"]
[Source "ChessBase"]
[SourceDate "2000.11.22"]
[SourceVersion "1"]
[SourceVersionDate "2000.11.22"]
[SourceQuality "1"]
[WhiteTeam "Yugoslavia"]
[BlackTeam "Israel"]
[WhiteTeamCountry "YUG"]
[BlackTeamCountry "ISR"]

1. d4 Nf6 2. c4 g6 3. g3 Bg7 4. Bg2 d5 5. cxd5 Nxd5 6. e4 Nb6 7. Ne2 c5 8. d5
e6 9. O-O O-O 10. a4 exd5 11. exd5 Nc4 12. Nec3 Na6 13. Nd2 Ne5 14. Nde4 Bg4
15. f3 (15. Qb3 Rb8 16. Bg5 f6 17. Be3 c4 $11) 15... Bf5 16. f4 $6 {[%mdl 32]
Bit unusual, natural opening of the diagonal a8-h1 makes black's bishops much
stronger and leaves the white one on c1 locked.} (16. Bg5 $5 f6 17. Bf4 Re8 18.
Qe2 $14) 16... Nc4 17. Qe2 Nd6 18. Nxd6 (18. Qf2 $2 Bd4 19. Be3 Bxe3 20. Qxe3
Re8 $17) 18... Qxd6 19. Bd2 Nb4 $1 (19... Nc7 20. Nb5 Nxb5 21. Qxb5 $11) 20.
Nb5 Qb6 (20... Qd7 21. Bxb4 cxb4 22. Qd2 $11) 21. a5 Qa6 22. Bxb4 (22. Rf3 Bd7
(22... Bg4 23. Qc4 Bxb2 24. Rb1 Bd4+ 25. Kh1 Bxf3 26. Bxf3 Rac8 $17) 23. Bf1
Bxb2 24. Rb1 Bxb5 25. Qxb5 Bd4+ 26. Kg2 Qxb5 27. Bxb5 Nxd5 $17) 22... cxb4 23.
Rf2 Rac8 24. Bf1 (24. Rd1 Rc2 25. Qf1 Rxf2 26. Kxf2 Qxa5 $19) 24... Qf6 (24...
Rc5 25. Rd1 Qxa5 26. d6 Qb6 $17) 25. Rd1 (25. Nxa7 $2 Rc2 26. Qf3 Qxb2 $19)
25... Rfe8 26. Qd2 (26. Qf3 Rc2 $1 27. Qb3 (27. Rxc2 Bxc2 28. Rd2 Qxb2 29. d6
Qc1 30. d7 Rd8 31. Qe2 Bf5 32. Qe8+ Bf8 $19) 27... Rxf2 28. Kxf2 Bg4 $17) 26...
Bg4 27. Be2 $2 {Solak misses black's great shot, the knight on b5 has no
chance to get back home.} (27. d6 $1 Bxd1 28. d7 Bg4 29. f5 Qe7 30. fxg6 hxg6
31. dxe8=Q+ Rxe8 $15) (27. Rc1 Rxc1 28. Qxc1 a6 29. h3 Rc8 $17) 27... Rxe2 $1
28. Rxe2 a6 29. d6 (29. Nd4 Qxd4+ 30. Qxd4 Bxd4+ 31. Rxd4 Bxe2 32. Rxb4 Bb5 $19
) 29... Bxe2 30. Qxe2 axb5 31. Qxb5 (31. d7 Rd8 32. Qe8+ Bf8 $19) 31... Qxb2
32. d7 Rd8 33. Qxb7 (33. Qb6 Bf6 34. Rd6 Qb1+ 35. Kg2 Qc2+ 36. Kg1 b3 37. Rxf6
Qd1+ 38. Kg2 Rxd7 $19) 33... Bd4+ 34. Kh1 Qe2 35. Rc1 (35. Rxd4 Qf1#) 35...
Rxd7 $1 (35... Rxd7 $1 36. Qxd7 Qf3#) 0-1

[Event "FRA-chT Gp-A"]
[Site "France"]
[Date "2003.04.06"]
[Round "7.3"]
[White "Tregubov, Pavel V"]
[Black "Karr, Jean Philippe"]
[Result "1-0"]
[WhiteElo "2612"]
[BlackElo "2376"]
[Annotator "Ftacnik,L"]
[PlyCount "73"]
[EventDate "2003.01.31"]
[EventType "team"]
[EventRounds "7"]
[EventCountry "FRA"]
[SourceTitle "CBM 095"]
[Source "ChessBase"]
[SourceDate "2003.07.25"]
[SourceVersion "1"]
[SourceVersionDate "2003.07.25"]
[SourceQuality "1"]
[WhiteTeam "Clichy"]
[BlackTeam "Noyon"]
[WhiteTeamCountry "FRA"]
[BlackTeamCountry "FRA"]

1. d4 Nf6 2. c4 g6 3. g3 Bg7 4. Bg2 d5 5. cxd5 Nxd5 6. e4 Nb4 7. d5 c6 8. a3
N4a6 9. Nc3 O-O 10. Nf3 cxd5 11. exd5 Nd7 12. O-O Nb6 13. Re1 Bg4 $6 {The
exchange of the knight for the white squared bishop is strategically dangerous,
black will have difficulties to hold balance.} (13... Re8 14. Bg5 h6 15. Bf4
Bg4 16. h3 Bxf3 17. Qxf3 Nc4 18. d6 Nxd6 19. Rad1 Nc5 20. b4 Ne6 21. Bxd6 exd6
22. Nb5 {1/2-1/2 Tregubov,P-Krasenkow,M/Warsaw 2002/ (34)}) (13... Nc7 14. Ne5
e6 (14... Ne8 15. Bf4 Nd6 16. Qe2 Re8 17. Rad1 Bd7 18. h4 h5 19. Kh2 a6 20. Ne4
Ba4 21. Rd4 Bb5 22. Qf3 Nd7 23. Ng5 Nxe5 24. Bxe5 Bxe5 25. Rxe5 Bd7 {0-1
Fedorowicz,J-Kudrin,S/USA 1989/ (40)}) 15. d6 Ncd5 16. Nxd5 Nxd5 17. Bxd5 Qxd6
18. Nxg6 hxg6 19. Bf3 Qb6 20. Re3 Rd8 21. Rd3 Bd4 22. Be3 e5 23. Bxd4 Rxd4 24.
Rxd4 exd4 25. Qd2 Be6 {1/2-1/2 Ilincic,Z-Kovacevic,A/Banja Koviljaca 2002/ (40)
}) 14. h3 Bxf3 (14... Bd7 15. Bg5 Re8 16. d6 $16) 15. Qxf3 Re8 16. Bf4 Nc4 17.
d6 $5 (17. Re2 Nc5 18. Rae1 Rc8 $14) 17... Nxd6 (17... Nxb2 18. Nb5 Nc4 19.
Qxb7 Qa5 (19... Bxa1 20. Qxa6 Be5 21. Bxa8 Bxf4 22. Bc6 Nxd6 23. Bxe8 $18) 20.
d7 Red8 21. Rad1 Nb6 22. Nc7 Nc5 23. Qc6 Rab8 24. Nd5 $18) 18. Rad1 Nc7 (18...
Qa5 19. Bxd6 exd6 20. Qxb7 Rxe1+ 21. Rxe1 Rb8 22. Qxa7 Bxc3 23. bxc3 Qxc3 (
23... Qxa3 24. Bd5 Rf8 25. Re8 $18) 24. Rd1 $18) 19. b4 e5 $2 {Impatient move
weakening the critical square d6, now black is really in danger of losing the
middlegame fight.} (19... a5 $1 20. Ne4 (20. bxa5 Rxa5 21. Ne4 Ncb5 22. Nxd6
Nxd6 $11) 20... axb4 21. axb4 Ncb5 22. Nxd6 Nxd6 23. Bxd6 exd6 24. Qxb7 Rb8 25.
Qc6 Rxe1+ 26. Rxe1 Bd4 $11) (19... Ne6 20. Bxd6 exd6 21. Nb5 Re7 22. Nxd6 Nd4
23. Qd5 Rd7 24. Nxb7 Rxd5 25. Nxd8 Raxd8 26. Bxd5 Rxd5 27. Re8+ Bf8 $13) 20.
Be3 Ne6 (20... f5 21. Bc5 Re6 22. Nd5 Nce8 23. Nf4 $1 $18) 21. Nb5 $6 (21. Bc5
$1 Nd4 22. Qd5 Re6 23. f4 N6f5 24. Qxb7 Rc8 25. g4 Nd6 26. Qxa7 $16) 21... Nd4
(21... Bf8 $2 22. Nxd6 Bxd6 23. Qxb7 Rb8 24. Qc6 Nd4 25. Bxd4 exd4 26. Rxe8+
Qxe8 27. Qxd6 $18) 22. Bxd4 exd4 (22... Nxb5 23. Bxe5 (23. Bc5 Qc8 24. Qxb7 Rb8
25. Qxc8 Rbxc8 26. a4 Nc3 27. Rd7 Nxa4 28. Bd5 Nxc5 29. bxc5 Red8 30. Bxf7+ Kf8
31. Rxa7 Rxc5 32. Be6 $16) 23... Nd4 24. Bxd4 Rxe1+ 25. Rxe1 Bxd4 26. Qxb7 Rb8
27. Qf3 Qf6 $16) 23. Rxe8+ Nxe8 24. Qxb7 Rb8 (24... Rc8 $2 25. Bd5 $16) 25. Qc6
Rb6 (25... a5 $1 26. Bd5 axb4 27. axb4 Nf6 $14) 26. Qc5 a6 (26... Qd7 $5 27.
Bf1 h6 28. Rd2 Ra6 29. Nxd4 Rxa3 30. Qc1 $1 $16) 27. Na7 $1 {Excellent idea of
sneaking the knight to the dream square c6 via the genuinly unusual square.} (
27. Nxd4 $2 Rd6 $19) 27... Re6 (27... Qd6 28. Qc2 $1 Qd7 29. Nc6 $16) 28. Nc6
Qf6 (28... Qd7 29. Bd5 Rd6 30. Re1 Bf8 31. Ne5 $18) 29. Nxd4 Rd6 (29... Bf8 30.
Qc8 Re7 31. Nc6 Re2 32. Rf1 $18) 30. Re1 Qxd4 31. Rxe8+ Bf8 32. Qc8 (32. Qxd4
Rxd4 33. Ra8 Rd6 34. Bf1 $18) 32... Qg7 33. a4 {Black pieces are completely
tied down so the opponent's pawn march will prove to be the proverbial last
straw.} Rd2 (33... Rd1+ 34. Kh2 Rb1 35. a5 Rxb4 36. Qxa6 $18) 34. b5 axb5 35.
axb5 Rb2 (35... Qd4 36. Rxf8+ Kg7 37. Rg8+ Kf6 (37... Kh6 38. Qf8+ Kg5 39. Qxf7
$18) 38. Qc6+ Kg5 39. Qf3 $18) 36. Qc5 Re2 37. Rc8 1-0

[Event "EU-ch 5th"]
[Site "Antalya"]
[Date "2004.05.15"]
[Round "1"]
[White "Kempinski, Robert"]
[Black "Bakalarz, Mietek"]
[Result "1-0"]
[WhiteElo "2586"]
[BlackElo "2333"]
[Annotator "Ftacnik,L"]
[PlyCount "59"]
[EventDate "2004.05.15"]
[EventType "swiss"]
[EventRounds "13"]
[EventCountry "TUR"]
[SourceTitle "CBM 101"]
[Source "ChessBase"]
[SourceDate "2004.07.27"]
[SourceVersion "1"]
[SourceVersionDate "2004.07.27"]
[SourceQuality "1"]

1. d4 Nf6 2. c4 g6 3. g3 Bg7 4. Bg2 d5 5. cxd5 Nxd5 6. e4 Nb6 7. Ne2 c5 8. d5
e6 9. O-O exd5 10. exd5 O-O 11. Nec3 Na6 12. d6 {[%mdl 4] Ambitious, but
rather dubious advance. White queenside is undeveloped, so any activity might
prove to be premature.} Nb4 (12... Nc4 13. d7 $1 Qxd7 14. Qxd7 Bxd7 15. Bxb7
$16) (12... Re8 13. a4 Re6 14. Nb5 Nc4 15. N1c3 Nb4 16. Ne4 $16) 13. Be3 c4 $6
(13... Bf5 $5 14. Nd2 (14. Na3 Nd3 15. Bxb7 Rb8 16. Qf3 Qxd6 $17) (14. Bxc5 Nc2
15. Na3 Nxa1 16. Qxa1 Rc8 $17) 14... Nd3 15. Bxb7 Nxb2 16. Qb3 Rb8 17. Qxb2 Na4
18. Qa3 Nxc3 19. Bf3 Nb5 $15) 14. a4 (14. Na3 Nd3 15. Nxc4 Nxc4 16. Qxd3 Nxb2
17. Qc2 Nc4 18. Rad1 Bg4 $13) 14... Bf5 (14... Nd3 15. a5 Nd7 16. a6 $16) 15.
a5 Nc2 (15... Nc8 16. d7 Ne7 17. a6 $14) 16. axb6 $5 {Kempinski must have been
happy with this idea, temporary sacrifice of the material finally puts life
into his forces.} (16. Ra2 Nc8 17. Bc5 Bd3 18. Be4 Bd4 19. Bxd3 cxd3 20. b4 $14
) 16... Nxa1 17. Na3 axb6 (17... Nb3 18. Nxc4 Bxc3 19. Qxb3 Bg7 20. bxa7 Be6
21. Bxb7 $18) 18. Qxa1 Bd3 (18... Qxd6 19. Qc1 Qb4 20. Nd5 Qb3 21. Ne7+ Kh8 22.
Nxf5 Bxb2 23. Qxc4 Qxa3 24. Nh6 $16) 19. Rd1 Qxd6 20. Qc1 $1 {Another good
move, white only needs to keep his pieces safe as they do not lack potential.}
Qb4 (20... Qe5 21. Nab5 (21. Nc2 Rad8 22. Bxb6 Rd7 23. Nb4 $14) 21... Rfd8 22.
Bxb7 Ra5 23. Bc6 Qf6 24. Bg2 $16) 21. Nc2 Qa5 22. Ne1 Rad8 (22... Bf5 23. Nd5 (
23. Bxb7 Ra7 24. Bf3 Rd7 25. Rxd7 Bxd7 26. Nd5 b5 27. Bd2 $14) 23... Bg4 24.
Nf3 b5 25. Bd2 Qa2 26. Bc3 $14) 23. Bxb7 b5 $2 (23... Rfe8 24. Bc6 Re6 25. Bg2
Qf5 $14) 24. Nd5 $1 {The sheer triumph of centralisation, black has lost the
war.} Qa2 (24... b4 25. Bb6 Qb5 26. Bc6 $18) 25. Nxd3 cxd3 26. Rxd3 Rb8 (26...
Qxb2 27. Qxb2 Bxb2 28. Rb3 Bg7 29. Rxb5 $18) 27. Bc6 Bxb2 (27... Qxb2 28. Qxb2
Bxb2 29. Rb3 Be5 30. Ba7 Rbd8 31. Rxb5 $18) 28. Qc2 Qa1+ 29. Rd1 Qa3 30. Bc5
1-0

[Event "RUS-ch qual 57th"]
[Site "St Petersburg"]
[Date "2004.05.26"]
[Round "5"]
[White "Tregubov, Pavel V"]
[Black "Nepomniachtchi, Ian"]
[Result "1-0"]
[WhiteElo "2636"]
[BlackElo "2445"]
[Annotator "Ftacnik,L"]
[PlyCount "49"]
[EventDate "2004.05.21"]
[EventType "swiss"]
[EventRounds "9"]
[EventCountry "RUS"]
[SourceTitle "CBM 102"]
[Source "ChessBase"]
[SourceDate "2004.09.23"]
[SourceVersion "1"]
[SourceVersionDate "2004.09.23"]
[SourceQuality "1"]

1. d4 Nf6 2. c4 g6 3. g3 Bg7 4. Bg2 d5 5. cxd5 Nxd5 6. e4 Nb6 7. Ne2 c5 8. d5
O-O 9. O-O e6 10. Nbc3 Na6 11. Nf4 exd5 12. Nfxd5 Be6 13. Re1 {Black has good
pieces with a small exception of Na6, but the knight on d5 can not be
tolerated forever. White must play carefully to support future "d" passed pawn.
} Re8 14. Bf4 Bxd5 15. exd5 Qd7 (15... Rxe1+ 16. Qxe1 g5 $5 17. Be3 Nc4 18. Qe2
Nxe3 19. fxe3 Qd7 20. d6 Rd8 21. Qh5 Qxd6 22. Bxb7 $14) 16. d6 Nb4 (16... Rxe1+
17. Qxe1 Re8 18. Qd1 Nb4 19. Qf3 $14) 17. Rxe8+ (17. Qf3 Nc6 18. Rad1 $14)
17... Rxe8 18. Ne4 (18. Qf3 Nc6 19. Rd1 $14) 18... Qf5 (18... Na6 19. Rb1 c4
20. Be3 $14) 19. Be3 $1 {[%mdl 64] Tregubov feels the position very well and
bravely attacks the main weakness pawn on c5.} Bd4 (19... Rxe4 20. d7 Nxd7 21.
Bxe4 Qxe4 22. Qxd7 h6 (22... Bxb2 23. Bh6 f5 24. Rd1 $18) 23. Bxc5 Bxb2 24. Rd1
$18) (19... N4d5 20. Bxc5 $1 Rxe4 21. Bxb6 Nxb6 (21... axb6 22. d7 Bf6 23. Bxe4
Qxe4 24. Qd2 Kg7 25. Re1 Qb4 26. Rd1 Qxd2 27. Rxd2 $18) 22. Bxe4 Qxe4 23. d7
Nxd7 24. Qxd7 Bxb2 25. Rd1 $16) (19... Na6 20. Qc2 Nb4 21. Qxc5 Rxe4 22. Qxf5
gxf5 23. Bxe4 fxe4 24. Bxb6 axb6 25. d7 Nc6 26. Rc1 Bf6 27. Rc4 Kg7 28. Rxe4
Bxb2 29. a4 $16) 20. Bxd4 cxd4 21. Qxd4 Nc2 {The best what promissing
Nepomniashchy was able to find, but not good enough.} (21... N4d5 22. Nc5 $18)
22. Nf6+ Kh8 (22... Kf8 23. Nxh7+ Kg8 24. Nf6+ Kf8 25. Qh4 $18) 23. Qh4 h5 (
23... g5 24. Qh6 Qg6 (24... Nxa1 25. Be4 $18) 25. Qxg6 hxg6 26. Nxe8 Nxa1 27.
Nf6 $18) 24. Nxe8 Nxa1 25. Qd4+ 1-0